00431nam a2200169Ia 4500003000400000005001700004008004100021040001000062041000800072082001600080100003100096245004100127260004400168300001700212365001200229650002000241OSt20220520102548.0210719s2007 xx 000 0 und d aALc  aeng a370.11 MASC aMASCARENHAS (Marie Mignon) aChallenge: to develop your resources aBangalorebCrest publishing housec2007 aviii,306bPB b200cRs aValue Education